Fundamentals of Internet of Things / (Record no. 198376)

MARC details
000 -LEADER
fixed length control field 00729nam a22002177a 4500
005 - DATE AND TIME OF LATEST TRANSACTION
control field 20230919153237.0
010 ## - LCCN (DPL NO)
LC control number ENG-138126
020 ## - INTERNATIONAL STANDARD BOOK NUMBER
International Standard Book Number 9789394122079
Terms of availability 550.00
035 ## - SYSTEM CONTROL NUMBER
System control number EN-121658
037 ## - SOURCE OF ACQUISITION
Source of stock number/acquisition DBAD/PUB
082 ## - DEWEY DECIMAL CLASSIFICATION NUMBER
Classification number 004.678
100 ## - MAIN ENTRY--PERSONAL NAME
Personal name Patra, P. Santosh Kumar
245 ## - TITLE STATEMENT
Title Fundamentals of Internet of Things /
Statement of responsibility, etc P. Santosh Kumar Patra ...[et.al]
260 ## - PUBLICATION, DISTRIBUTION, ETC. (IMPRINT)
Place of publication, distribution, etc Hyderabad
Name of publisher, distributor, etc M/s SevenHills International Publishers
Date of publication, distribution, etc 2023
270 ## - ADDRESS
Address 7-1-277/242, 4th Floor, Near BK Guda Park, S R Nagar
City Hyderabad
Postal code 500038
300 ## - PHYSICAL DESCRIPTION
Extent xvi, 304
Dimensions 25cm(pbk)
700 ## - ADDED ENTRY--PERSONAL NAME
Personal name R. Santhosh Kumar
9 (RLIN) 56902
700 ## - ADDED ENTRY--PERSONAL NAME
Personal name Sri, G. Udaya
9 (RLIN) 56967
700 ## - ADDED ENTRY--PERSONAL NAME
Personal name Basava, D.
9 (RLIN) 56968
942 ## - ADDED ENTRY ELEMENTS (KOHA)
Source of classification or shelving scheme Dewey Decimal Classification
Item type English Books
Classification part 004.678
Call number suffix PAT
Holdings
Withdrawn status Lost status Not for loan Collection code Home library Current library Date acquired Source of acquisition Cost, normal purchase price Full call number Barcode Copy number Cost, replacement price Koha item type
      Non-fiction D.B.Act.Division Mobile Library 19/09/2023 DBAD/PUB 550.00 004.678 PAT EN-121658 1 550.00 English Books

© Delhi Public Library
Hit Counter
free hit counter